Fairmont Hotels - Statistics

General Stats
  • This quiz has been taken 16 times
  • The average score is 20 of 36
Answer Stats
Country Answer % Correct
United States Los Angeles
100%
United States New York City
100%
United Arab Emirates Dubai
92%
United States San Francisco
92%
Canada Vancouver
92%
China Beijing
85%
United Kingdom London
85%
Canada Quebec City
85%
China Shanghai
85%
Egypt Cairo
77%
Canada Calgary
77%
Monaco Monaco
77%
Canada Montreal
77%
Canada Ottawa
77%
Singapore Singapore
77%
Canada Toronto
77%
Canada Banff
69%
United States Boston
62%
United States Seattle
54%
Canada Victoria
54%
Canada Edmonton
46%
Canada Jasper
46%
United States Washington, D.C.
46%
Canada Lake Louise
38%
India Jaipur
31%
Canada Montebello
31%
Kenya Nairobi
31%
Scotland St Andrews
31%
Bermuda Southampton
23%
Canada La Malbaie
15%
Switzerland Montreux
15%
United States Santa Monica
15%
United Kingdom Knutsford
8%
United States Kohala
8%
Bermuda Pembroke
8%
Barbados Saint James
8%
No matching quizzes found
Score Distribution
Percent of People with Each Score
Percentile by Number Answered
Your Score History
You have not taken this quiz